000 00690nam a2200253Ia 4500
003 OSt
005 20221006145440.0
006 a|||||r|||| 00| 0
007 ta
008 221006b |||||||| |||| 00| 0 eng d
020 _a0804710384
_c
_8.95
024 _a14,857
037 _cTextual
040 _aEASL
_cEASL
_beng
041 _2eng
_aeng
082 _aO41,6.N38, L9
100 _aPRUITT Ida Au.
_9654479
245 0 _aOld Madam Yin
_b A memoir of Peking life 1926-1938
260 _aStanford
_bStanford University Press
_c1979
300 _a129p.
_ccm.
490 _v CEL
942 _hO41,6.N38, L9
_cTEXL
_2CC
999 _c1082943
_d1082943